Statistics for Signatories of the Declaration of Independence

Click here to take the quiz!

General Stats

  • This quiz has been taken 827 times
    (826 since last reset)
  • The average score is 11 of 56

Answer Stats

On behalf of...Signatory% Correct
VirginiaThomas Jefferson
93%
MassachusettsJohn Adams
92%
MassachusettsSamuel Adams
88%
MassachusettsJohn Hancock
87%
PennsylvaniaBenjamin Franklin
87%
VirginiaRichard Henry Lee
52%
PennsylvaniaJames Smith
40%
VirginiaFrancis Lightfoot Lee
37%
ConnecticutWilliam Williams
24%
PennsylvaniaRobert Morris
23%
MassachusettsElbridge Gerry
23%
New YorkLewis Morris
22%
PennsylvaniaJames Wilson
22%
New HampshireJosiah Bartlett
22%
VirginiaBenjamin Harrison
21%
PennsylvaniaBenjamin Rush
20%
Rhode IslandStephen Hopkins
20%
New JerseyJohn Witherspoon
19%
ConnecticutRoger Sherman
19%
MassachusettsRobert Treat Paine
19%
South CarolinaEdward Rutledge
18%
MarylandSamuel Chase
18%
DelawareThomas McKean
17%
New YorkPhilip Livingston
17%
MarylandCharles Carroll
17%
DelawareCaesar Rodney
17%
PennsylvaniaGeorge Taylor
16%
North CarolinaJohn Penn
16%
GeorgiaGeorge Walton
15%
New JerseyJohn Hart
15%
New HampshireMatthew Thornton
15%
New HampshireWilliam Whipple
15%
New JerseyAbraham Clark
15%
VirginiaCarter Braxton
14%
Rhode IslandWilliam Ellery
14%
VirginiaGeorge Wythe
14%
VirginiaThomas Nelson, Jr.
14%
PennsylvaniaGeorge Ross
14%
PennsylvaniaJohn Morton
14%
MarylandThomas Stone
14%
ConnecticutOliver Wolcott
13%
ConnecticutSamuel Huntington
13%
New JerseyRichard Stockton
13%
New JerseyFrancis Hopkinson
13%
MarylandWilliam Paca
13%
South CarolinaThomas Heyward, Jr.
13%
South CarolinaThomas Lynch, Jr.
13%
South CarolinaArthur Middleton
13%
North CarolinaWilliam Hooper
13%
New YorkWilliam Floyd
13%
GeorgiaLyman Hall
12%
GeorgiaButton Gwinnett
12%
New YorkFrancis Lewis
12%
DelawareGeorge Read
8%
North CarolinaJoseph Hewes
7%
PennsylvaniaGeorge Clymer
7%

Score Distribution

Percentile by Number Answered

Percent of People with Each Score

Your Score History

You have not taken this quiz since the last reset